[Event "Montevideo Trebejos op 02"]
[Site "Montevideo"]
[Date "2016.03.03"]
[Round "5"]
[White "Ballestra Altez, Leonel"]
[Black "Cuello Toledo, Guzman"]
[Result "0-1"]
[WhiteElo "1767"]
[BlackElo "1876"]
[PlyCount "46"]
[EventDate "2016.02.22"]
[EventType "swiss"]
[EventRounds "7"]
[EventCountry "URU"]
[SourceTitle "CBM 171 Extra"]
[Source "ChessBase"]
[SourceDate "2016.04.26"]
[SourceVersion "1"]
[SourceVersionDate "2016.04.26"]
[SourceQuality "1"]

1. c4 Nf6 2. Nf3 g6 3. g3 Bg7 4. Bg2 c5 5. 0-0 Nc6 6. Nc3 d6 7. Re1 0-0 8. e3 Bg4 9. a3 Ne5 10. d3 a6 11. h3 Nxf3+ 12. Bxf3 Bxf3 13. Qxf3 Qd7 14. Kg2 b5 15. Nd5 Rab8 16. cxb5 Rxb5 17. Nc3 Rb3 18. e4 e6 19. Re2 Rfb8 20. Rc2 Ne8 21. Qe2 Nc7 22. f4 Nb5 23. Bd2 Nd4 0-1

[Event "Montevideo Trebejos op 02"]
[Site "Montevideo"]
[Date "2016.02.29"]
[Round "3"]
[White "Ballestra Altez, Leonel"]
[Black "Vilarino, Leticia"]
[Result "1/2-1/2"]
[WhiteElo "1767"]
[BlackElo "1855"]
[PlyCount "102"]
[EventDate "2016.02.22"]
[EventType "swiss"]
[EventRounds "7"]
[EventCountry "URU"]
[SourceTitle "CBM 171 Extra"]
[Source "ChessBase"]
[SourceDate "2016.04.26"]
[SourceVersion "1"]
[SourceVersionDate "2016.04.26"]
[SourceQuality "1"]

1. d4 e6 2. c4 f5 3. Nf3 Nf6 4. g3 Be7 5. Bg2 0-0 6. 0-0 d5 7. cxd5 exd5 8. Nc3 c6 9. Bf4 Nbd7 10. Qc2 Ne4 11. Ne5 Ndf6 12. f3 Nd6 13. Rad1 Qe8 14. Bc1 Qh5 15. Nd3 Bd7 16. Rde1 Rae8 17. Ne5 Bc8 18. Nd1 Bd8 19. Nf2 Bb6 20. e3 Nf7 21. Nfd3 Nxe5 22. Nxe5 Nd7 23. f4 Re6 24. b4 Rh6 25. Bf3 Qe8 26. a4 Nf6 27. Ba3 Ng4 28. Re2 Nxe3 29. Rxe3 Bxd4 30. Rfe1 Qd8 31. Kh1 Bxe3 32. Rxe3 Qb6 33. Qd2 Rd8 34. a5 Qc7 35. Qd4 b6 36. axb6 Qxb6 37. Bb2 Qxd4 38. Bxd4 a6 39. Rc3 Bb7 40. Be2 Re6 41. Bh5 g6 42. Bd1 Ra8 43. Rc5 Kf8 44. Ba4 Rc8 45. Kg2 Ke7 46. h4 h6 47. Bc2 Rf8 48. Rc3 Kd8 49. Kf3 Kc7 50. Bb3 Kd8 51. Bb6+ Ke8 1/2-1/2

[Event "Montevideo Trebejos op 02"]
[Site "Montevideo"]
[Date "2016.02.22"]
[Round "1"]
[White "Ballestra Altez, Leonel"]
[Black "Granara Barreto, Sebastian A"]
[Result "0-1"]
[WhiteElo "1767"]
[BlackElo "2131"]
[PlyCount "68"]
[EventDate "2016.02.22"]
[EventType "swiss"]
[EventRounds "7"]
[EventCountry "URU"]
[SourceTitle "CBM 171 Extra"]
[Source "ChessBase"]
[SourceDate "2016.04.26"]
[SourceVersion "1"]
[SourceVersionDate "2016.04.26"]
[SourceQuality "1"]

1. d4 Nf6 2. c4 e6 3. Nc3 Bb4 4. Bg5 c5 5. e3 Qa5 6. Qc2 Ne4 7. Qxe4 Bxc3+ 8. Kd1 Bxb2 9. Rb1 cxd4 10. Rxb2 Qxg5 11. Nf3 Qg6 12. Qxd4 Nc6 13. Qd6 Qf6 14. Kc2 Qe7 15. c5 Qxd6 16. cxd6 b6 17. Bd3 Bb7 18. Rc1 0-0 19. Kd2 Rfc8 20. Rbc2 f6 21. a3 Na5 22. Nd4 e5 23. Rxc8+ Bxc8 24. Nf5 Nb3+ 25. Kc2 Nxc1 26. Kxc1 Bb7 27. Ne7+ Kf8 28. Bxh7 a5 29. a4 Kf7 30. Bf5 Bc6 31. g4 g5 32. Bc2 Rh8 33. Bg6+ Kg7 34. Bh5 Rb8 0-1

[Event "Montevideo Prix Cerrense"]
[Site "Montevideo"]
[Date "2002.04.01"]
[Round "3"]
[White "Ballestra Altez, Leonel"]
[Black "Villaverde, Jorge"]
[Result "0-1"]
[WhiteElo "1842"]
[BlackElo "1934"]
[PlyCount "58"]
[EventDate "2002.03.26"]
[EventType "swiss"]
[EventRounds "5"]
[EventCountry "URU"]
[SourceTitle "EXT 2003"]
[Source "ChessBase"]
[SourceDate "2002.11.25"]
[SourceVersion "1"]
[SourceVersionDate "2002.11.25"]
[SourceQuality "1"]

1. e4 c5 2. Nf3 Nc6 3. d4 cxd4 4. Nxd4 e6 5. Nc3 a6 6. Bc4 Qc7 7. 0-0 b5 8. Bd3 Nf6 9. Nce2 Bb7 10. Bg5 Nxd4 11. Bxf6 Nxe2+ 12. Qxe2 gxf6 13. Qh5 Qe5 14. Qe2 Bd6 15. f4 Qd4+ 16. Kh1 Ke7 17. c3 Qc5 18. Qe1 Rag8 19. h3 h5 20. Qh4 Qc6 21. Rac1 Rg6 22. c4 Qb6 23. Rc2 e5 24. Rfc1 Bc5 25. fxe5 Bd4 26. exf6+ Bxf6 27. Qf4 Qd4 28. Rd2 Bg5 29. Be2 Bxf4 0-1

[Event "Montevideo Prix Cerrense"]
[Site "Montevideo"]
[Date "2002.03.26"]
[Round "1"]
[White "Ballestra Altez, Leonel"]
[Black "Ballestra, Juan"]
[Result "1-0"]
[WhiteElo "1842"]
[BlackElo "1954"]
[PlyCount "76"]
[EventDate "2002.03.26"]
[EventType "swiss"]
[EventRounds "5"]
[EventCountry "URU"]
[SourceTitle "EXT 2003"]
[Source "ChessBase"]
[SourceDate "2002.11.25"]
[SourceVersion "1"]
[SourceVersionDate "2002.11.25"]
[SourceQuality "1"]

1. e4 e5 2. Nf3 Nc6 3. Bc4 d6 4. h3 Be7 5. Nc3 Nf6 6. d4 0-0 7. 0-0 Na5 8. Bb3 a6 9. Bd2 b5 10. Nd5 Nxb3 11. Nxf6+ Bxf6 12. axb3 exd4 13. Ba5 Bb7 14. Re1 Re8 15. Qd3 Qe7 16. Nxd4 Qe5 17. Nf5 Qe6 18. Bc3 c5 19. f3 Rad8 20. Rad1 b4 21. Bxf6 Qxf6 22. c3 g6 23. Nh6+ Kg7 24. Ng4 Qf4 25. cxb4 cxb4 26. Qd4+ f6 27. Qxb4 Bc8 28. Qd2 Qxd2 29. Rxd2 h5 30. Ne3 Be6 31. Nc4 Rb8 32. Rxd6 Rxb3 33. Ne3 Rxb2 34. Rxa6 Bg8 35. Rd1 Rb3 36. Rd7+ Kh6 37. Nd5 Rb1+ 38. Kh2 Re6 1-0